Every town in Sweden: Kalmar - Statistics

General Stats
  • This quiz has been taken 5 times
  • The average score is 14 of 37
Answer Stats
Municipality Letter Population City/Town % Correct
Kalmar K 59,146 Kalmar
100%
Mönsterås B 1,455 Blomstermåla
67%
Borgholm B 3,719 Borgholm
67%
Emmaboda E 5,209 Emmaboda
67%
Mörbylånga F 5,502 Färjestaden
67%
Högsby H 2,075 Högsby
67%
Hultsfred H 5,712 Hultsfred
67%
Kalmar L 5,803 Lindsdal
67%
Kalmar L 1,844 Ljungbyholm
67%
Mönsterås M 6,924 Mönsterås
67%
Mörbylånga M 2,115 Mörbylånga
67%
Nybro N 14,838 Nybro
67%
Oskarshamn O 18,870 Oskarshamn
67%
Kalmar R 1,053 Rockneby
67%
Torsås T 2,165 Torsås
67%
Kalmar T 1,690 Trekanten
67%
Västervik V 38,021 Västervik
67%
Vimmerby V 10,703 Vimmerby
67%
Västervik G 3,008 Gamleby
33%
Kalmar L 1,021 Läckeby
33%
Kalmar R 1,830 Rinkabyholm
33%
Kalmar S 3,881 Smedby
33%
Mönsterås T 1,673 Timmernabben
33%
Västervik A 1,404 Ankarsrum
0%
Torsås B 1,202 Bergkvara
0%
Västervik G 1,079 Gunnebo
0%
Oskarshamn K 1,172 Kristdala
0%
Hultsfred L 1,490 Lönneberga
0%
Hultsfred M 1,707 Målilla
0%
Hultsfred M 1,030 Mörlunda
0%
Mönsterås O 1,118 Oknö
0%
Västervik Ö 1,396 Överum
0%
Oskarshamn P 1,269 Paskallavik
0%
Torsås S 1,095 Söderåkra
0%
Vimmerby S-V 1,360 Södra Vi
0%
Vimmerby S 1,136 Storebro
0%
Hultsfred V 1,923 Virserum
0%
No matching quizzes found
Score Distribution
Percent of People with Each Score
Percentile by Number Answered
Your Score History
You have not taken this quiz